000 00834nam a22002657a 4500
001 9103
003 FISKH
005 20260311151240.0
008 251120b cb ||||| |||| 00| 0 eng d
020 _a9781561455102
040 _aFISKH
_beng
_cFISKH
_dFISKH
050 _aPZ7.B6724 F
082 _a813.54
100 _aBowen, Fred
_eAuthor
245 _aThe final cut /
_cFred Bowen
260 _aAtlanta :
_bPeachtree ,
_c1999
300 _a109 pages :
_billustrations ;
_c19 cm
505 _aN
520 _aAfter tryouts for the school basketball team, eighth graders Zeke, Eli, Ryan, and Miles find their friendship tested when two of them make the team and two of them do not.
521 8 _a660
_bLexile
521 8 _aN
_bRaz-Plus
650 _aChildren's book
_vBasketball
942 _2ddc
_cBK
_n0
999 _c9103
_d9103